000 00350nam a2200133Ia 4500
008 211119s9999||||xx |||||||||||||| ||und||
082 _a306.44
_bLEV-P
100 _aLevinson, Stephen C
245 0 _aPragmatics
260 _bCambridge University
_aLondon
_c2003
300 _a420p
650 _aSocial SciencesEnglish
_xGeneral Stack
942 _cBOOK
999 _c104796
_d104796